Welcome to the Holygrace Academy Library

Please use search bar below to get started

MAZHA THORUM MUNPE (Record no. 9138)

MARC details
000 -LEADER
fixed length control field 00323nam a22001337a 4500
082 ## - DEWEY DECIMAL CLASSIFICATION NUMBER
Classification number 894.812.3
Item number VEN/M
100 ## - MAIN ENTRY--AUTHOR NAME
Personal name VENNIYOOR, RASHEED
245 ## - TITLE STATEMENT
Title MAZHA THORUM MUNPE
246 ## - VARYING FORM OF TITLE
Title proper/short title MAZHA THORUM MUNPE
Remainder of title MAZHA THORUM MUNPE
260 ## - PUBLICATION, DISTRIBUTION, ETC. (IMPRINT)
Place of publication CALICUT
Name of publisher MANDHARAM
Year of publication 2025
300 ## - PHYSICAL DESCRIPTION
Number of Pages 146
650 ## - SUBJECT ADDED ENTRY--TOPICAL TERM
Topical Term MALAYALAM STORY
942 ## - ADDED ENTRY ELEMENTS (KOHA)
Koha item type Books
Holdings
Withdrawn status Lost status Collection code Home library Current library Date acquired Source of acquisition Cost, normal purchase price Full call number Accession Number Koha item type
    MALAYALAM FICTION Main Library Main Library 31/07/2025 COTRIBUTION 210.00 894.812.3 VEN/M 13846 Books